| 000 | 02777nam a2200349 a 4500 | ||
|---|---|---|---|
| 005 | 20110330120911.0 | ||
| 010 | _aB-440950-953 B-424132-135 | ||
| 020 |
_a9780670083510 _c450.00 |
||
| 035 | _aB-440950-953 | ||
| 035 | _a B-424132-135 | ||
| 037 | _bResearchco Book Centre | ||
| 082 | 0 | 4 | _a304.6092 |
| 100 | 1 |
_aBose, Ashish _931785 |
|
| 245 | 1 | 0 |
_aHeadcount : _bmemoirs of a demographer / _cby Ashish Bose |
| 260 |
_aNew Delhi _bPenguin Books _c2010 |
||
| 270 |
_a11 Community Centre, Panchsheel Park, _bNew Delhi _e110017 |
||
| 300 |
_ax, 214 p. _c23cm (Hb) |
||
| 505 | 0 | _aFrom Nehru to Bimaru -- This is the life! -- Danger and drama. | |
| 600 | 1 | 0 |
_aBose, Ashish. _931786 |
| 650 | 0 |
_aDemographers _zIndia _vBiography _931787 |
|
| 942 |
_2ddc _cEN _h304.6092 _mBOS |
||
| 999 |
_c51306 _d51306 |
||